[Event "3rd Al Ain Chess Classic"]
[Site "Al-Ain UAE"]
[Date "2014.12.20"]
[Round "3.51"]
[White "Hojjatova, Aydan"]
[Black "Soyunlu, Narmin"]
[Result "1-0"]
[WhiteTitle "WCM"]
[WhiteElo "2217"]
[BlackElo "1878"]
[WhiteFideId "13401491"]
[BlackFideId "13400843"]
[EventDate "2014.12.19"]

1. e4 e6 2. d4 d5 3. Nd2 Nc6 4. Ngf3 Nf6 5. e5 Nd7 6. Nb3 a5 7. a4 b6 8. Be2 Na7
9. O-O c5 10. c3 Be7 11. Re1 Nc6 12. Bb5 Bb7 13. Bf4 Rc8 14. Kh1 Rc7 15. Rc1 Qa8
16. Nbd2 O-O 17. Bd3 h6 18. Nf1 Ba6 19. Bb1 cxd4 20. Nxd4 Rfc8 21. Nb5 Bxb5 22.
axb5 Na7 23. Qd3 Nf8 24. Qg3 Kh8 25. Qh3 d4 26. Ng3 Kg8 27. Be4 Qb8 28. Nh5 Bg5
29. Qg3 g6 30. Bxg5 hxg5 31. Nf6+ Kg7 32. Qxg5 Nxb5 33. Ng4 Nd7 34. Qh6+ Kg8 35.
Nf6+ 1-0

[Event "3rd Al Ain Chess Classic"]
[Site "Al-Ain UAE"]
[Date "2014.12.20"]
[Round "3.52"]
[White "Alur Varun"]
[Black "Andrenko, Irina"]
[Result "0-1"]
[BlackTitle "WIM"]
[WhiteElo "1350"]
[BlackElo "2202"]
[WhiteFideId "46649123"]
[BlackFideId "14118270"]
[EventDate "2014.12.19"]

1. e4 c5 2. Nf3 e6 3. d4 cxd4 4. Nxd4 Nc6 5. Nc3 Qc7 6. Be3 a6 7. a3 Nf6 8. Be2
b5 9. O-O Bb7 10. f3 Bc5 11. Qd2 Qb6 12. Rfd1 Rc8 13. Kh1 O-O 14. Bg1 Rfd8 15.
Nb3 Bxg1 16. Rxg1 d5 17. exd5 Nxd5 18. Nxd5 Rxd5 19. Qf4 Nd4 20. Nxd4 Rxd4 21.
Qc1 Rh4 22. Bd3 Qc7 23. h3 Bxf3 24. gxf3 Rxh3+ 25. Kg2 Qh2+ 26. Kf1 Rxf3+ 27.
Ke1 Qxg1+ 28. Ke2 Rf2+ 29. Ke3 Qg3+ 30. Ke4 f5+ 31. Kd4 Qd6+ 32. Ke3 Qc5# 0-1

[Event "3rd Al Ain Chess Classic"]
[Site "Al-Ain UAE"]
[Date "2014.12.20"]
[Round "3.54"]
[White "Soozankar, A.M."]
[Black "Alnyeyadi, Abdulla"]
[Result "1-0"]
[WhiteTitle "FM"]
[WhiteElo "2183"]
[BlackElo "1423"]
[WhiteFideId "12503029"]
[BlackFideId "9308393"]
[EventDate "2014.12.19"]

1. e4 c5 2. Nf3 Nc6 3. d4 cxd4 4. Nxd4 g6 5. Nc3 Bg7 6. Be3 Nf6 7. Bc4 O-O 8.
Bb3 d6 9. f3 Bd7 10. Qd2 Rc8 11. h4 h5 12. O-O-O a6 13. g4 Ne5 14. gxh5 Nxh5 15.
Bh6 Nc4 16. Bxc4 Rxc4 17. Bxg7 Kxg7 18. Rhg1 Rg8 19. Qg5 Kh7 20. e5 dxe5 21. Nf5
Qf8 22. Rxd7 1-0

[Event "3rd Al Ain Chess Classic"]
[Site "Al-Ain UAE"]
[Date "2014.12.20"]
[Round "3.55"]
[White "Sultan, Fadel Saeed M Alshamsi"]
[Black "Derakhshani, Dorsa"]
[Result "0-1"]
[BlackTitle "WFM"]
[WhiteElo "1247"]
[BlackElo "2188"]
[WhiteFideId "9309551"]
[BlackFideId "12500330"]
[EventDate "2014.12.19"]

1. e4 e5 2. Nf3 Nc6 3. Bc4 Bc5 4. d3 Nf6 5. Nc3 a6 6. Bg5 h6 7. Be3 Qe7 8. Nd5
Nxd5 9. Bxd5 Ba7 10. c3 d6 11. O-O Bg4 12. h3 Bd7 13. Bxa7 Rxa7 14. d4 O-O 15.
Nh2 Qg5 16. Ng4 h5 17. Ne3 Bxh3 18. Kh2 Bg4 19. Nxg4 Qh4+ 20. Kg1 hxg4 21. f4 g3 0-1

[Event "3rd Al Ain Chess Classic"]
[Site "Al-Ain UAE"]
[Date "2014.12.20"]
[Round "3.56"]
[White "Asadli, Vugar"]
[Black "Aliyev, Elnur"]
[Result "1-0"]
[WhiteTitle "CM"]
[WhiteElo "2043"]
[BlackElo "2141"]
[WhiteFideId "13405764"]
[BlackFideId "13402617"]
[EventDate "2014.12.19"]

1. g3 c5 2. Bg2 Nc6 3. d3 Nf6 4. Nf3 g6 5. b3 Bg7 6. Bb2 O-O 7. O-O d5 8. c4 d4
9. Nbd2 Re8 10. a3 a5 11. Ne1 Bg4 12. Nc2 Qd7 13. Re1 e5 14. b4 axb4 15. axb4
cxb4 16. Nb3 Bh6 17. Rxa8 Rxa8 18. Bc1 Bf8 19. Bg5 Ne8 20. Qb1 Bh3 21. Bh1 Nc7
22. Bd2 h5 23. Qb2 Na6 24. Ra1 Re8 25. Na5 Nc5 26. Nxb4 Nxa5 27. Rxa5 Na4 28.
Qc2 Nc3 29. Bxc3 dxc3 30. Nd5 Bg7 31. Nxc3 b6 32. Ra6 Qd4 33. Bd5 Qc5 34. Ra7
Re7 35. Ra8+ Kh7 36. Ne4 Qb4 37. Ng5+ Kh6 1-0

[Event "3rd Al Ain Chess Classic"]
[Site "Al-Ain UAE"]
[Date "2014.12.20"]
[Round "3.57"]
[White "Mammadova, Narmin"]
[Black "Ali, M Alkindi"]
[Result "1-0"]
[WhiteTitle "WCM"]
[WhiteElo "2092"]
[BlackElo "1443"]
[WhiteFideId "13403710"]
[BlackFideId "9312293"]
[EventDate "2014.12.19"]

1. e4 c5 2. c3 Nf6 3. e5 Nd5 4. d4 e6 5. Nf3 Nc6 6. Be2 cxd4 7. cxd4 d6 8. exd6
Bxd6 9. O-O O-O 10. Nc3 Nde7 11. Bd3 a6 12. Qe2 Re8 13. Ng5 h6 14. Nf3 Nf5 15.
Qe4 e5 16. Re1 Re7 17. d5 Ncd4 18. Nd2 g6 19. Nf1 Kh7 20. h4 Ng7 21. Qe3 Ngf5
22. Qd2 Re8 23. h5 Rg8 24. Ng3 Qf8 25. Kh1 Nxg3+ 26. fxg3 f5 27. Rf1 Qg7 28. g4
e4 29. Nxe4 fxe4 30. Rf7 Qxf7 31. Qxh6# 1-0

[Event "3rd Al Ain Chess Classic"]
[Site "Al-Ain UAE"]
[Date "2014.12.20"]
[Round "3.58"]
[White "Abdulkarim, Ali"]
[Black "Mokal, Amruta Sunil"]
[Result "1/2-1/2"]
[WhiteElo "1943"]
[BlackElo "2054"]
[WhiteFideId "9301640"]
[BlackFideId "5016371"]
[EventDate "2014.12.19"]

1. d4 Nf6 2. c4 e6 3. Nc3 Bb4 4. f3 d5 5. a3 Bxc3+ 6. bxc3 c5 7. cxd5 exd5 8. e3
O-O 9. Bd3 b6 10. Ne2 Ba6 11. O-O Bxd3 12. Qxd3 Re8 13. Ng3 Nc6 14. Bb2 h5 15.
Rae1 Qd7 16. dxc5 Ne5 17. Qf5 h4 18. Qxd7 Nfxd7 19. c6 hxg3 20. cxd7 gxh2+ 21.
Kxh2 Red8 22. Rd1 Rxd7 23. Rd4 f6 24. Rfd1 Rad8 25. Bc1 Kf7 26. e4 dxe4 27. fxe4
Ke6 28. Kg3 b5 29. Kf4 Nc4 30. Rxd7 Rxd7 31. Rxd7 Kxd7 32. Kf5 Nd6+ 33. Kg6 Nxe4
34. Kxg7 Ke6 35. Be3 a6 36. Bd4 Ng3 37. Kg6 f5 38. Kg5 a5 39. Kf4 Nh5+ 40. Kg5
Ng3 41. Kf4 Ne2+ 42. Ke3 Nc1 43. Bb6 Nb3 44. Bd8 a4 45. g3 Ke5 46. Bb6 Kd5 47.
Kd3 Nc5+ 48. Bxc5 Kxc5 49. Kd2 Kd6 50. Ke2 Kc6 51. Ke3 Kc5 52. Kd2 Kc4 53. Kc2 1/2-1/2

[Event "3rd Al Ain Chess Classic"]
[Site "Al-Ain UAE"]
[Date "2014.12.20"]
[Round "3.59"]
[White "Mohammed, Tarig Elther"]
[Black "Al Amoudy, Saif"]
[Result "1-0"]
[WhiteElo "2044"]
[BlackElo "1421"]
[WhiteFideId "12200964"]
[BlackFideId "9308610"]
[EventDate "2014.12.19"]

1. d4 Nf6 2. c4 d5 3. Nf3 e6 4. Nc3 Be7 5. Bg5 h6 6. Bh4 O-O 7. e3 b6 8. Rc1 Bb7
9. cxd5 Nxd5 10. Bg3 a6 11. Nxd5 Bxd5 12. Bxc7 Qe8 13. Bxb6 Bxf3 14. Qxf3 Bb4+
15. Kd1 Qa4+ 16. Rc2 Qxa2 17. Bc4 Qb1+ 18. Rc1 Qxb2 19. Qe2 Qxe2+ 20. Kxe2 Rc8
21. Bxe6 Rxc1 22. Rxc1 fxe6 23. Rc8+ Kh7 24. Bc7 a5 25. Rxb8 Rxb8 26. Bxb8 a4
27. Kd3 a3 28. Kc2 Kg6 29. Kb3 Kf5 30. f3 g5 31. g4+ Kg6 32. d5 exd5 33. Kxb4 d4
34. Kxa3 dxe3 35. Kb3 e2 36. Bg3 h5 37. Kc4 hxg4 38. fxg4 Kf6 39. Kd5 Kf7 40.
Ke5 Kg7 41. Kf5 Kh6 42. Kf6 Kh7 43. Kxg5 Kg7 44. h4 Kf7 45. Kh6 Kg8 46. g5 Kh8
47. g6 1-0

[Event "3rd Al Ain Chess Classic"]
[Site "Al-Ain UAE"]
[Date "2014.12.20"]
[Round "3.60"]
[White "Haitham, Alkindi"]
[Black "Almajbari, Abdalla Ali"]
[Result "1-0"]
[WhiteElo "1402"]
[BlackElo "1942"]
[WhiteFideId "9312455"]
[BlackFideId "9205314"]
[EventDate "2014.12.19"]

1. d4 f5 2. Nf3 Nf6 3. Bf4 e6 4. e3 Be7 5. Bd3 O-O 6. O-O d5 7. Ne5 Nbd7 8. Nd2
h6 9. Ng6 Rf7 10. Nxe7+ Qxe7 11. Bxc7 Nf8 12. Be5 N8h7 13. h3 Bd7 14. Nf3 Ne4
15. Bh2 Rff8 16. Ne5 Nhf6 17. Ng6 Qb4 18. Nxf8 Kxf8 19. Bxe4 Nxe4 20. b3 Bb5 21.
Re1 Nc3 22. Qd2 Rc8 23. a3 Qa5 24. Bd6+ Kg8 25. Bb4 Qc7 26. Bxc3 Qxc3 27. Qxc3
Rxc3 28. a4 Be8 29. Re2 Bh5 30. Rd2 g5 31. Rc1 f4 32. Rd3 Rxd3 33. cxd3 Bg6 34.
Rc8+ Kf7 35. Rc7+ Kf6 36. Rxb7 fxe3 37. fxe3 Bxd3 38. Rxa7 e5 39. dxe5+ Kxe5 40.
b4 Ke4 41. Kf2 1-0

[Event "3rd Al Ain Chess Classic"]
[Site "Al-Ain UAE"]
[Date "2014.12.20"]
[Round "3.61"]
[White "Abdulla, Ali"]
[Black "Al Shamisi, Hareb Nasser"]
[Result "1-0"]
[WhiteElo "1747"]
[BlackElo "1389"]
[WhiteFideId "9302336"]
[BlackFideId "9308067"]
[EventDate "2014.12.19"]

1. d4 Nf6 2. c4 e6 3. g3 d5 4. Nf3 b6 5. Bg2 Bb7 6. O-O Be7 7. b3 O-O 8. Bb2
Nbd7 9. Nbd2 c5 10. e3 a6 11. Qe2 b5 12. Rfd1 Re8 13. Rac1 Rc8 14. cxb5 axb5 15.
Qxb5 Rb8 16. dxc5 Bc8 17. Qe2 Nxc5 18. Ne5 Ba6 19. Qf3 Rc8 20. e4 d4 21. Ndc4
Bxc4 22. Rxc4 Ncxe4 23. Rcxd4 Qa5 24. Rxe4 Nxe4 25. Qxf7+ Kh8 26. Ng6+ hxg6 27.
Qxg7# 1-0

[Event "3rd Al Ain Chess Classic"]
[Site "Al-Ain UAE"]
[Date "2014.12.20"]
[Round "3.62"]
[White "Hamad Essam"]
[Black "Ahmad, Alzarovni"]
[Result "0-1"]
[WhiteElo "1383"]
[BlackElo "1721"]
[WhiteFideId "9313397"]
[BlackFideId "9302301"]
[EventDate "2014.12.19"]

1. e4 d5 2. exd5 Qxd5 3. Nc3 Qd6 4. g3 Nf6 5. Bg2 c6 6. Nge2 Bg4 7. h3 Bh5 8.
O-O e6 9. Qe1 Be7 10. Nf4 Bg6 11. Nxg6 hxg6 12. d3 O-O 13. b4 Nd5 14. Nxd5 cxd5
15. c4 Nc6 16. b5 Nd4 17. Rb1 Rac8 18. Be3 dxc4 19. dxc4 Nc2 20. Qe2 Nxe3 21.
Qxe3 Qc5 22. Qxc5 Rxc5 23. Rfc1 b6 24. Rb3 Rfc8 25. Bc6 a6 26. Ra3 R5xc6 27.
Rxa6 Rxc4 28. Rxc4 Rxc4 29. Rxb6 Ra4 30. Ra6 Rxa6 31. bxa6 Bc5 32. Kg2 Kf8 33.
Kf3 Ke7 34. Ke4 Bxf2 35. Kd3 Kd6 36. Kc4 Kc6 37. a4 Kb6 0-1

[Event "3rd Al Ain Chess Classic"]
[Site "Al-Ain UAE"]
[Date "2014.12.20"]
[Round "3.63"]
[White "Ali, Abdulaziz"]
[Black "Rashid, Shaeri"]
[Result "1-0"]
[WhiteElo "1718"]
[BlackElo "1377"]
[WhiteFideId "9304347"]
[BlackFideId "9308113"]
[EventDate "2014.12.19"]

1. e4 c5 2. Nf3 d6 3. d4 cxd4 4. Nxd4 Nf6 5. Nc3 a6 6. Bg5 e5 7. Nf3 Be7 8. Bc4
O-O 9. h3 Qc7 10. Bb3 Bd7 11. O-O Bc8 12. Bxf6 Bxf6 13. Nd5 Qd8 14. Nxf6+ Qxf6
15. Qd5 Nd7 16. Rad1 Nc5 17. Rfe1 Rd8 18. Nxe5 Be6 19. Ng4 Qg6 20. Qd4 Bxg4 21.
hxg4 Qxg4 22. Bd5 Re8 23. Re3 Ne6 24. Bxe6 Qxe6 25. a3 Rad8 26. e5 d5 27. c4 Qe7
28. cxd5 Rd7 29. f4 f5 30. Rc3 b5 31. Rc6 Qh4 32. Rxa6 g5 33. e6 Rc7 34. d6 Rc2
35. d7 Rxg2+ 36. Kxg2 Qg4+ 37. Kf2 Qh4+ 38. Ke2 Qg4+ 39. Kd2 Qg2+ 40. Kc1 1-0

[Event "3rd Al Ain Chess Classic"]
[Site "Al-Ain UAE"]
[Date "2014.12.20"]
[Round "3.64"]
[White "Khalifah, Khaled"]
[Black "Al-Zaruoni, Fahad"]
[Result "0-1"]
[BlackTitle "CM"]
[WhiteElo "1340"]
[BlackElo "1654"]
[WhiteFideId "9312552"]
[BlackFideId "9300660"]
[EventDate "2014.12.19"]

1. d4 d5 2. Bf4 Nf6 3. Nf3 g6 4. e3 Bg7 5. c4 e6 6. h3 Nbd7 7. Nc3 O-O 8. Be2 a6
9. O-O dxc4 10. Bxc4 b5 11. Bd3 c5 12. a3 cxd4 13. exd4 Bb7 14. Re1 Nb6 15. Ne4
Nbd5 16. Bh2 Ne7 17. Rc1 Nf5 18. Be5 Nxe4 19. Bxe4 Bxe4 20. Rxe4 Qd5 21. Qd3
Rac8 22. Rd1 Qc4 23. Bxg7 Kxg7 24. Re2 Rfd8 25. Qxc4 Rxc4 26. Red2 a5 27. g4 Nd6
28. Ne5 Rc7 29. d5 Nc4 30. d6 Rc5 31. Nxc4 Rxc4 32. Kg2 Kf6 33. Kf3 h6 34. h4 b4
35. axb4 Rxb4 36. Kg3 Rb3+ 37. f3 a4 38. Ra1 Rb4 39. Rad1 e5 40. Rc1 Ke6 41.
Rcd1 Rb6 42. d7 Rb7 43. Rd6+ Ke7 44. R6d5 f6 45. Ra5 Rxb2 46. Rxa4 Rb7 47. f4
exf4+ 48. Kxf4 Rbxd7 49. Rxd7+ Rxd7 50. Re4+ Kf7 51. Rb4 g5+ 52. hxg5 hxg5+ 53.
Kf5 Rd5+ 54. Ke4 Re5+ 55. Kf3 Rc5 56. Rb7+ Ke6 57. Rb6+ Ke5 58. Rb8 Rc3+ 59. Kg2
Re3 60. Rb5+ Kf4 61. Rf5+ Kxg4 62. Rxf6 Re2+ 63. Kf1 Rb2 64. Rg6 Kf3 65. Rf6+
Kg3 66. Rf5 g4 67. Rg5 Rf2+ 68. Ke1 Rf4 69. Ke2 Kg2 70. Ke1 g3 71. Ke2 Kh2 72.
Ke3 Rf2 73. Ke4 g2 74. Ke3 g1=Q 75. Rxg1 Kxg1 0-1

[Event "3rd Al Ain Chess Classic"]
[Site "Al-Ain UAE"]
[Date "2014.12.20"]
[Round "3.65"]
[White "Atakishiyev, Elmar"]
[Black "Khaled Tarek AlTaher"]
[Result "1-0"]
[WhiteElo "1648"]
[BlackElo "1286"]
[WhiteFideId "13410547"]
[BlackFideId "9307575"]
[EventDate "2014.12.19"]

1. e4 e5 2. Nf3 Nc6 3. d4 exd4 4. Bc4 Bc5 5. O-O Nf6 6. e5 d5 7. exf6 dxc4 8.
fxg7 Rg8 9. Re1+ Ne7 10. Bg5 Rxg7 11. Bxe7 Bxe7 12. Qxd4 Qxd4 13. Nxd4 Bh3 14.
g3 O-O-O 15. c3 Rd7 16. b3 cxb3 17. axb3 Bd6 18. Re8+ Rd8 19. Rxd8+ Kxd8 20. Na3
Bxa3 21. Rxa3 f5 22. Ne6+ 1-0

[Event "3rd Al Ain Chess Classic"]
[Site "Al-Ain UAE"]
[Date "2014.12.20"]
[Round "3.66"]
[White "Orujova, Najiba"]
[Black "Talibov, Uzeyir"]
[Result "1-0"]
[WhiteElo "1332"]
[BlackElo "1577"]
[WhiteFideId "13415913"]
[BlackFideId "13414011"]
[EventDate "2014.12.19"]

1. d4 d5 2. c4 e6 3. Nc3 Nf6 4. Bf4 Bb4 5. e3 O-O 6. Bd3 Nbd7 7. Nf3 c6 8. O-O
h6 9. h3 Be7 10. cxd5 exd5 11. Re1 Re8 12. Rc1 Bb4 13. a3 Ba5 14. Qc2 Nf8 15.
Red1 Bd7 16. Ne5 Bc7 17. Nxd7 Qxd7 18. Bf5 Qd8 19. Bxc7 Qxc7 20. Qb3 Qe7 21. Na4
Rab8 22. Nc5 N8d7 23. Bxd7 Nxd7 24. Nxd7 1-0

[Event "3rd Al Ain Chess Classic"]
[Site "Al-Ain UAE"]
[Date "2014.12.20"]
[Round "3.67"]
[White "Ahmed Mohamed Qayed"]
[Black "Alali, Ali"]
[Result "1-0"]
[WhiteElo "1551"]
[BlackElo "1230"]
[WhiteFideId "9314261"]
[BlackFideId "9309063"]
[EventDate "2014.12.19"]

1. e4 e5 2. Nf3 Nc6 3. Bc4 Nf6 4. d3 d6 5. Nc3 Be7 6. Bg5 Bg4 7. h3 Bh5 8. g4
Bg6 9. Qd2 Qd7 10. Nh4 O-O-O 11. Nxg6 fxg6 12. O-O-O Kb8 13. Bb5 h6 14. Be3 d5
15. exd5 Nxd5 16. Bxc6 Qxc6 17. Nxd5 Qxd5 18. Kb1 Bc5 19. Bxc5 Qxc5 20. Qe3 Qd5
21. Qe4 Qe6 22. d4 Rhe8 23. Qxe5 Qxe5 24. dxe5 Rxd1+ 25. Rxd1 Kc8 26. Re1 Kd7
27. f4 Ke6 28. h4 Kf7 29. g5 h5 30. Kc1 Ke6 31. Kd2 Kf5 32. Ke3 c5 33. c4 a5 34.
a4 Rd8 35. Kf3 Rd4 36. e6 Rd3+ 37. Re3 Rxe3+ 38. Kxe3 Kxe6 39. Ke4 b6 40. b3 Kd6
41. f5 gxf5+ 42. Kxf5 Ke7 43. Kg6 Kf8 44. Kxh5 Kf7 45. Kg4 g6 46. h5 gxh5+ 47.
Kxh5 Kg7 48. g6 Kf6 49. Kh6 Ke5 50. g7 Kd4 51. g8=Q Kc3 52. Qb8 Kxb3 53. Qxb6+
Kxa4 54. Qb5+ Ka3 55. Qxc5+ Kb3 56. Qb5+ Kc3 57. Qxa5+ 1-0

[Event "3rd Al Ain Chess Classic"]
[Site "Al-Ain UAE"]
[Date "2014.12.20"]
[Round "3.68"]
[White "Singh Gurmeher"]
[Black "Amini, Hossein Ali"]
[Result "1-0"]
[WhiteElo "1243"]
[BlackElo "1521"]
[WhiteFideId "25089455"]
[BlackFideId "11201584"]
[EventDate "2014.12.19"]

1. e4 c5 2. Nc3 Nc6 3. f4 b6 4. Bb5 Bb7 5. Bxc6 Bxc6 6. d3 e6 7. Nf3 g6 8. O-O
Bg7 9. Bd2 Ne7 10. a3 O-O 11. Qe1 Re8 12. Qh4 d5 13. e5 Nf5 14. Qe1 Qc7 15. g4
Ne7 16. d4 Qb7 17. Qh4 Nc8 18. f5 exf5 19. gxf5 gxf5 20. Bh6 Bxh6 21. Qxh6 Re6
22. Qh4 Rg6+ 23. Kh1 Ne7 24. Rg1 cxd4 25. Nxd4 Re8 26. Rxg6+ fxg6 27. Qf6 Bd7
28. e6 Bc8 29. Qf7+ Kh8 30. Qxe8+ Ng8 31. Qf7 Qa6 32. e7 1-0

[Event "3rd Al Ain Chess Classic"]
[Site "Al-Ain UAE"]
[Date "2014.12.20"]
[Round "3.70"]
[White "Al Ali, Hamad"]
[Black "Jasmeher, Singh Kathuria"]
[Result "0-1"]
[WhiteElo "1219"]
[BlackElo "1500"]
[WhiteFideId "9310711"]
[BlackFideId "25092120"]
[EventDate "2014.12.19"]

1. e4 c5 2. Nc3 e6 3. g3 Nc6 4. Bg2 Nf6 5. f4 d6 6. Nf3 Be7 7. O-O a6 8. d4 cxd4
9. Nxd4 Qc7 10. Nxc6 Qxc6 11. e5 Qc5+ 12. Kh1 dxe5 13. fxe5 Qxe5 14. Bf4 Qa5 15.
Bd6 Qd8 16. Bxe7 Qxe7 17. Qd3 O-O 18. Rad1 Qb4 19. b3 Rb8 20. Ne4 Nxe4 21. Bxe4
h6 22. Qe3 b6 23. Rf4 Qe7 24. Rdf1 e5 25. Rxf7 Rxf7 26. Bd5 Be6 27. Qxe5 Rxf1+
28. Kg2 Bxd5+ 29. Kxf1 Qxe5 30. c4 Rf8+ 31. Kg1 Qe3# 0-1

[Event "3rd Al Ain Chess Classic"]
[Site "Al-Ain UAE"]
[Date "2014.12.21"]
[Round "4.1"]
[White "Petrosian, Tigran L."]
[Black "Kryvoruchko, Yuriy"]
[Result "1/2-1/2"]
[WhiteTitle "GM"]
[BlackTitle "GM"]
[WhiteElo "2651"]
[BlackElo "2671"]
[WhiteFideId "13301616"]
[BlackFideId "14109182"]
[EventDate "2014.12.19"]

1. b3 e5 2. Bb2 Nc6 3. e3 Nf6 4. Bb5 Bd6 5. Na3 Na5 6. Be2 a6 7. Nf3 Qe7 8. Nb1
O-O 9. d4 exd4 10. Nxd4 Be5 11. Nc3 Nc6 12. O-O d5 13. Nxc6 bxc6 14. Na4 Bxb2
15. Nxb2 Ne4 16. Na4 Rd8 17. Qe1 a5 18. Bd3 Nc5 19. Nxc5 Qxc5 20. a3 Ba6 21. Qe2
Bxd3 22. cxd3 Rab8 23. Rfc1 Qd6 24. Rc3 d4 25. exd4 Qxd4 26. Rac1 h6 27. g3 Qd6
28. a4 Qd5 29. Qe4 Rb4 30. Qxd5 cxd5 31. d4 Rdb8 32. Rxc7 Rxb3 33. R1c5 R3b7 34.
Rxb7 Rxb7 35. Rb5 Rc7 36. Rxa5 Rc4 37. Rxd5 Rxa4 38. Kg2 Kf8 39. Kf3 Ke7 40. Ke4
Ra2 41. Re5+ Kd6 42. Rf5 Ke6 43. Rf3 h5 44. h4 g6 45. d5+ Ke7 46. Ke5 Re2+ 47.
Kd4 Rd2+ 48. Kc4 Rc2+ 49. Kd4 Rd2+ 50. Kc4 Rc2+ 51. Kd3 Ra2 52. Ke3 Ra5 53. Kd4
Ra2 54. Rf4 f5 55. Rf3 Ra4+ 56. Kc5 Ra5+ 57. Kc6 Ra6+ 58. Kc5 Ra5+ 59. Kc6 Ra6+
60. Kb7 Ra2 61. Re3+ Kd6 62. f4 Rc2 63. Re6+ Kxd5 64. Rxg6 Ke4 65. Rg5 Kf3 66.
Kb6 Rc8 67. Kb5 Rc1 68. Rxh5 Kxg3 69. Rxf5 Kxh4 70. Rc5 Rxc5+ 71. Kxc5 1/2-1/2

[Event "3rd Al Ain Chess Classic"]
[Site "Al-Ain UAE"]
[Date "2014.12.21"]
[Round "4.2"]
[White "Kuzubov, Yuriy"]
[Black "Oleksienko, Mikhailo"]
[Result "1/2-1/2"]
[WhiteTitle "GM"]
[BlackTitle "GM"]
[WhiteElo "2701"]
[BlackElo "2621"]
[WhiteFideId "14112906"]
[BlackFideId "4152417"]
[EventDate "2014.12.19"]

1. e4 c6 2. d4 d5 3. Nc3 dxe4 4. Nxe4 Nd7 5. Nf3 Ngf6 6. Nc3 e6 7. g3 b6 8. Bg2
Bb7 9. O-O Be7 10. Qe2 O-O 11. Rd1 a6 12. Ne5 Qc7 13. Nxd7 Nxd7 14. Bf4 Bd6 15.
Bxd6 Qxd6 16. Rd3 Rad8 17. Rad1 h6 18. Ne4 Qe7 19. Qd2 a5 20. c4 Ba6 21. b3 Rc8
22. Qe3 Nf6 23. Nxf6+ Qxf6 24. R3d2 b5 25. d5 exd5 26. cxd5 cxd5 27. Rxd5 Rcd8
28. Qa7 Rxd5 29. Bxd5 Kh8 30. Re1 b4 31. Qc7 Rc8 32. Qxf7 Qxf7 33. Bxf7 g5 34.
Bg6 Kg7 35. Bf5 Rc5 36. g4 Kf7 37. Be4 Bc8 38. f3 Be6 39. Re2 Kf6 40. Kf2 Rc3
41. Kg3 a4 42. bxa4 Ra3 43. Rb2 Rxa4 44. Bc6 Ra6 45. Bb5 Rxa2 46. Rxb4 Ra3 47.
Bc6 Rb3 48. Ra4 Rb6 49. Be4 Bf7 50. Ra7 Bg6 51. Bxg6 Kxg6 52. h4 gxh4+ 53. Kxh4
Rb1 54. f4 Rh1+ 55. Kg3 Rg1+ 56. Kh3 Rh1+ 57. Kg2 Rh4 58. Kf3 Rh1 59. Ra6+ Kg7
60. Ke4 Rb1 61. Kf5 Rb5+ 62. Ke6 Rb4 63. Ra7+ Kf8 64. Kf5 Rb6 65. Rd7 Ra6 66.
Ke5 Rg6 67. g5 Ra6 68. gxh6 Rxh6 69. f5 Ra6 70. Kf4 Rb6 71. Kg5 Ra6 72. Rd8+ Kf7 1/2-1/2

[Event "3rd Al Ain Chess Classic"]
[Site "Al-Ain UAE"]
[Date "2014.12.21"]
[Round "4.3"]
[White "Nigalidze, Gaioz"]
[Black "Zhigalko, Sergei"]
[Result "1/2-1/2"]
[WhiteTitle "GM"]
[BlackTitle "GM"]
[WhiteElo "2536"]
[BlackElo "2672"]
[WhiteFideId "13603078"]
[BlackFideId "13502956"]
[EventDate "2014.12.19"]

1. Nf3 Nf6 2. c4 e6 3. g3 a6 4. Nc3 d5 5. cxd5 exd5 6. d4 Bd6 7. Bg2 O-O 8. Bf4
Bxf4 9. gxf4 c6 10. Qc2 a5 11. e3 Na6 12. Ne5 Ne8 13. Ne2 f6 14. Nf3 Nd6 15. Ng3
Re8 16. Nh4 Nb4 17. Qb1 a4 18. a3 Na6 19. O-O Qb6 20. Rd1 Be6 21. Bf1 Bf7 22.
Bd3 g6 23. Nf3 Re7 24. h4 Ne4 25. Kg2 Rae8 26. Qc2 Nc7 27. Rab1 Qb3 28. Qxb3
axb3 29. Rbc1 Ne6 30. Nd2 Nxd2 31. Rxd2 c5 32. dxc5 Rc8 33. Ne2 Rxc5 34. Rxc5
Nxc5 35. Nd4 Be8 36. Be2 Ba4 37. Rd1 Kf7 38. Rc1 b6 39. Bf3 Rd7 40. Rc3 Ke7 41.
h5 Kd6 42. h6 Ra7 43. Be2 Ra5 44. f3 Ne6 45. Nxb3 d4 46. Nxd4 Nxd4 47. exd4 Rh5
48. Rc8 Rxh6 49. Rb8 Kc7 50. Rf8 f5 51. Rf7+ Kd6 52. Rf6+ Kc7 53. Rf7+ Kd6 54.
Rf6+ Kc7 55. d5 Rh4 56. Kg3 Rh1 57. Rf7+ Kd6 58. Rb7 Kxd5 59. Rxb6 h5 60. Rb8
h4+ 61. Kg2 Rb1 62. Rd8+ Ke6 63. Bc4+ Ke7 64. Rd2 Bc6 65. b3 Rc1 66. Rd3 Ke8 67.
Ba6 Ke7 68. Bc4 Kf8 69. Rd6 Be8 70. Kh2 Kg7 71. Kh3 Rh1+ 72. Kg2 Rc1 73. Rd2 Bc6 1/2-1/2

[Event "3rd Al Ain Chess Classic"]
[Site "Al-Ain UAE"]
[Date "2014.12.21"]
[Round "4.4"]
[White "Shankland, Samuel L"]
[Black "Bajarani, Ulvi"]
[Result "1-0"]
[WhiteTitle "GM"]
[BlackTitle "GM"]
[WhiteElo "2642"]
[BlackElo "2494"]
[WhiteFideId "2004887"]
[BlackFideId "13403028"]
[EventDate "2014.12.19"]

1. e4 e6 2. d4 d5 3. Nc3 Nf6 4. e5 Nfd7 5. f4 c5 6. Nf3 Nc6 7. Be3 a6 8. Qd2 b5
9. dxc5 Bxc5 10. Bd3 Qb6 11. Bf2 b4 12. Na4 Bxf2+ 13. Qxf2 Qxf2+ 14. Kxf2 a5 15.
Rac1 Bb7 16. c4 Ne7 17. cxd5 Bxd5 18. Bb5 Rb8 19. Nd4 Kd8 20. Rhd1 Nb6 21. Nc5 1-0

[Event "3rd Al Ain Chess Classic"]
[Site "Al-Ain UAE"]
[Date "2014.12.21"]
[Round "4.5"]
[White "Gupta, Abhijeet"]
[Black "Moskalenko, Viktor1"]
[Result "1-0"]
[WhiteTitle "GM"]
[BlackTitle "GM"]
[WhiteElo "2632"]
[BlackElo "2528"]
[WhiteFideId "5010608"]
[BlackFideId "14100100"]
[EventDate "2014.12.19"]

1. d4 Nf6 2. c4 e5 3. dxe5 Ng4 4. Bf4 Nc6 5. Nf3 Bb4+ 6. Nbd2 Qe7 7. e3 Ngxe5 8.
Nxe5 Nxe5 9. Be2 d6 10. O-O a5 11. Nb1 Be6 12. a3 Bc5 13. Nc3 Nxc4 14. b4 Bb6
15. Nd5 Bxd5 16. Qxd5 Ne5 17. Bb5+ Nd7 18. Qxb7 O-O 19. bxa5 Rxa5 20. a4 Nc5 21.
Qc6 g5 22. Bg3 Ne4 23. h3 Nxg3 24. fxg3 Qe5 25. Kh2 h5 26. e4 Kg7 27. Rad1 h4
28. Kh1 Qxg3 29. Rd3 Qe5 30. Rd5 Qe7 31. Qc3+ Kg6 32. e5 dxe5 33. Rxe5 Qd8 34.
Bd3+ f5 35. Bb5 Qd4 36. Qc6+ Kg7 37. Re7+ Rf7 38. Rxf7+ Kxf7 39. Qe8+ Kg7 40.
Qe7+ Kh6 41. Qe6+ 1-0